Canadá
Gespeichert in:
| Hauptverfasser: | , , , |
|---|---|
| Format: | Buch |
| Sprache: | Englisch |
| Veröffentlicht: |
Londres
Lonely Planet
2011
|
| Ausgabe: | 11a. ed |
| Schriftenreihe: | Rincón Canadá
|
| Schlagworte: | |
| Tags: |
Tag hinzufügen
Keine Tags, Fügen Sie den ersten Tag hinzu!
|
MARC
| LEADER | 00000cam a2200000 a 4500 | ||
|---|---|---|---|
| 001 | UCE3679 | ||
| 003 | CL-VaPUC | ||
| 008 | 140911e20110000uk |||||||||||||||||eng|d | ||
| 020 | |a 9781741792348 | ||
| 082 | 0 | 4 | |a 917.104 |b ZIM |2 21 |
| 100 | 0 | |a Zimmerman, Karla |e author |9 576155 | |
| 700 | 0 | |a Bodry, Catherine |e author |9 576156 | |
| 700 | 0 | |a Brash, Celeste |e author |9 576157 | |
| 700 | 0 | |a Lee, John |e author |9 576158 | |
| 245 | 1 | 0 | |a Canadá |
| 250 | |a 11a. ed | ||
| 300 | |a 910 p | ||
| 942 | |c BK | ||
| 945 | |d 20140911 14:25:00 |a arojas | ||
| 260 | |a Londres |b Lonely Planet |c 2011 | ||
| 650 | 7 | |a LUGARES GEOGRAFICOS |2 CL-VaPUC |9 576159 | |
| 650 | 0 | |a Lugares turísticos |9 484548 | |
| 650 | 7 | |a GUIAS TURISTICAS |2 CL-VaPUC |9 346990 | |
| 651 | 7 | |a CANADA |2 CL-VaPUC |9 576160 | |
| 583 | |a last modification |c 20140911 14:25:00 |k Rodrigo Vera | ||
| 490 | 0 | |a Rincón Canadá | |
| 999 | |c 356866 |d 356864 | ||
| 952 | |0 0 |1 0 |3 erb |4 0 |6 917_104000000000000_ZIM_2011 |7 0 |8 A |9 464623 |a BIBING |b BIBING |i 5114268 |o 917.104 ZIM 2011 |p 5114268 |r 2025-01-20 |w 2019-11-23 |y BK |z Catalogado en:20140911 |k GEO | ||
| 952 | |0 0 |1 0 |3 erb |4 0 |6 917_104000000000000_ZIM_2011 |7 0 |8 X |9 464624 |a FDOBUD |b FDOBUD |i 5114349 |o 917.104 ZIM 2011 |p 5114349 |r 2019-11-23 |w 2019-11-23 |y BK_X |z Catalogado en:20140911 |k BUD | ||